000
00246nam a2200097Ia 4500
001
648875
005
20250826153730.0
008
250824s9999 xx 000 0 und d
245
0
_a
Aklındakini Okuyabilirim!
_c
David J. Lieberman
260
_b
KORİDOR
999
_c
648875
_d
648875